000 00295nam a22001337a 4500
008 171201b xxu||||| |||| 00| 0 eng d
020 _a0716706806
041 _aeng
080 _a574
100 _a9
101 _aMJE
245 _aPOPULATION RESOURCES ENVIRONMENT
_cEHRLICH
942 _2udc
_cBK
999 _c38720
_d38720